000
00343nam a2200145Ia 4500
100
_a
AICTE
942
_c
BK
654
_a
T.Q.M.
245
_a
T.Q.M. Theory and Practice : C-NO : 298
260
_b
Continuing Education Programmer AICTE
_a
Bangalore
_c
1989
082
_a
658.562
_b
AICTE
300
_a
150
546
_a
ENGLISH
999
_c
28111
_d
28111